[Event "ENCI Limburg-open B"]
[Site "Maastricht"]
[Date "2011.06.11"]
[Round "2"]
[White "Scheeren, Fred"]
[Black "Jakob, Matthias1"]
[Result "1/2-1/2"]
[WhiteElo "1703"]
[BlackElo "1997"]
[PlyCount "80"]
[EventDate "2011.06.10"]
[EventType "swiss"]
[EventRounds "7"]
[EventCountry "NED"]
[Source "P.Boonen"]
[SourceDate "2012.01.01"]

1. e4 e6 2. d4 d5 3. Nd2 Nf6 4. e5 Nfd7 5. Bd3 c5 6. c3 Nc6 7. Ne2 cxd4 8. cxd4
f6 9. exf6 Nxf6 10. Nf3 Bd6 11. O-O O-O 12. Bg5 Qb6 13. Nc3 h6 14. Bh4 a6 15.
a3 Bd7 16. Bg3 Bxg3 17. hxg3 Rae8 18. Re1 Re7 19. b4 Be8 20. Na4 Qc7 21. Nc5
Bf7 22. Qd2 Nd7 23. Nxd7 Qxd7 24. Ne5 Qd6 25. Bc2 Nxe5 26. Rxe5 Be8 27. Rae1
Rf6 28. Bb3 Bc6 29. g4 Ref7 30. f3 g5 31. Qe3 Bd7 32. Rc1 Bc6 33. Qd2 Kg7 34.
Rc3 Rf4 35. Rce3 Bd7 36. Re1 Qb6 37. Rd1 a5 38. Bc2 axb4 39. axb4 Bb5 40. Qe3
R4f6 1/2-1/2

[Event "ENCI Limburg-open B"]
[Site "Maastricht"]
[Date "2011.06.11"]
[Round "2"]
[White "Senders, Justin"]
[Black "Bondarchuk, Vadim"]
[Result "1/2-1/2"]
[WhiteElo "1868"]
[BlackElo "1992"]
[PlyCount "94"]
[EventDate "2011.06.10"]
[EventType "swiss"]
[EventRounds "7"]
[EventCountry "NED"]
[Source "P.Boonen"]
[SourceDate "2012.01.01"]

1. e4 e5 2. Nf3 Nf6 3. Nxe5 d6 4. Nf3 Nxe4 5. Nc3 Nf6 6. d4 Be7 7. Bd3 O-O 8.
O-O Re8 9. Re1 Nbd7 10. Ne2 Bf8 11. b3 b6 12. Bb2 Bb7 13. Ng3 Rxe1+ 14. Qxe1 g6
15. Qd2 Bg7 16. c4 Qf8 17. Re1 Re8 18. Kf1 Rxe1+ 19. Qxe1 Qe8 20. Qxe8+ Nxe8
21. Be4 Bxe4 22. Nxe4 Nef6 23. Nxf6+ Bxf6 24. Ke2 Nb8 25. Bc1 Nc6 26. d5 Nb4
27. a3 Na6 28. b4 Kf8 29. Kd3 Ke8 30. Nd4 Bxd4 31. Kxd4 Nb8 32. a4 a6 33. Ba3
Ke7 34. Bc1 Nd7 35. g4 Ne5 36. h3 Nd7 37. Be3 f6 38. Bf4 Kf7 39. Ke4 g5 40. Be3
Ne5 41. c5 b5 42. cxd6 cxd6 43. axb5 axb5 44. f4 Nc4 45. fxg5 Nxe3 46. Kxe3
fxg5 47. Ke4 Kf6 1/2-1/2

[Event "ENCI Limburg-open B"]
[Site "Maastricht"]
[Date "2011.06.11"]
[Round "2"]
[White "Taverniers, Peter"]
[Black "Kuryliw, Ray"]
[Result "0-1"]
[WhiteElo "1785"]
[BlackElo "1831"]
[PlyCount "52"]
[EventDate "2011.06.10"]
[EventType "swiss"]
[EventRounds "7"]
[EventCountry "NED"]
[Source "P.Boonen"]
[SourceDate "2012.01.01"]

1. c4 e5 2. Nc3 Nc6 3. g3 g6 4. Bg2 Bg7 5. Nf3 d6 6. d3 Nge7 7. O-O O-O 8. Bd2
Nd4 9. e3 Ne6 10. Qc2 f5 11. Nd5 c6 12. Nxe7+ Qxe7 13. Bc3 g5 14. d4 e4 15. Nd2
g4 16. Nb3 Ng5 17. Nd2 Be6 18. b3 Qf6 19. Rac1 Qh6 20. Bb4 Bd7 21. c5 d5 22.
Ba5 Nf3+ 23. Nxf3 exf3 24. Bh1 Qh3 25. Bc7 Rf6 26. Bf4 Bh6 0-1

[Event "ENCI Limburg-open B"]
[Site "Maastricht"]
[Date "2011.06.11"]
[Round "2"]
[White "Tsiros, Fragkiskos Vlasios"]
[Black "Broekmeulen, Joris"]
[Result "0-1"]
[WhiteElo "1708"]
[BlackElo "1882"]
[PlyCount "110"]
[EventDate "2011.06.10"]
[EventType "swiss"]
[EventRounds "7"]
[EventCountry "NED"]
[Source "P.Boonen"]
[SourceDate "2012.01.01"]

1. e4 d6 2. d4 Nf6 3. Nc3 Nbd7 4. f4 e5 5. fxe5 dxe5 6. dxe5 Nxe5 7. Qxd8+ Kxd8
8. Bf4 Bd6 9. O-O-O Ke7 10. Nf3 Nd3+ 11. Bxd3 Bxf4+ 12. Kb1 c6 13. h3 Nd7 14.
Nd4 g6 15. Rhf1 Bc7 16. b4 Ne5 17. Nf3 Be6 18. Ng5 Bd7 19. Rd2 f6 20. Nf3 b5
21. a3 a5 22. Bxb5 axb4 23. axb4 Rhb8 24. Kb2 cxb5 25. Nd5+ Kd8 26. Nxe5 Bxe5+
27. c3 Ra6 28. Rfd1 Rb7 29. Kb3 Rba7 30. Rb2 Be6 31. Kc2 Rd7 32. Ne3 Ra3 33.
Rxd7+ Kxd7 34. Nd1 Bc4 35. Kd2 Bf1 36. Ke1 Bd3 37. Rd2 Bxc3 38. Nxc3 Rxc3 39.
Kf2 Ke6 40. Ke3 Bc4+ 41. Kd4 Rb3 42. Kc5 Ra3 43. Re2 Ke5 44. Re1 Ra2 45. g4 Rh2
46. Re3 Kf4 47. Ra3 Kxe4 48. Ra6 Ke5 49. Ra3 f5 50. gxf5 gxf5 51. Rg3 f4 52.
Rg5+ Ke4 53. Rh5 f3 54. Rxh7 f2 55. Re7+ Kf3 0-1

[Event "ENCI Limburg-open B"]
[Site "Maastricht"]
[Date "2011.06.11"]
[Round "2"]
[White "Tutenel, Erik"]
[Black "Peter, Laurenz"]
[Result "1/2-1/2"]
[WhiteElo "1834"]
[BlackElo "1844"]
[PlyCount "49"]
[EventDate "2011.06.10"]
[EventType "swiss"]
[EventRounds "7"]
[EventCountry "NED"]
[Source "P.Boonen"]
[SourceDate "2012.01.01"]

1. e4 c5 2. d4 cxd4 3. c3 dxc3 4. Nxc3 e6 5. Nf3 a6 6. Bc4 d6 7. O-O b5 8. Bb3
Ra7 9. Be3 Rd7 10. Na4 bxa4 11. Bxa4 Nf6 12. Qb3 Qc7 13. Rac1 Qb7 14. Qc4 Ke7
15. e5 Nd5 16. exd6+ Kd8 17. Bxd7 Bxd7 18. Ne5 Bb5 19. Bb6+ Nxb6 20. Qc7+ Qxc7
21. dxc7+ Kc8 22. cxb8=Q+ Kxb8 23. Rfd1 Be7 24. Nxf7 Rf8 25. Nd6 1/2-1/2

[Event "ENCI Limburg-open B"]
[Site "Maastricht"]
[Date "2011.06.11"]
[Round "2"]
[White "Van Foreest, Lucas"]
[Black "Henrotte, Nils"]
[Result "1/2-1/2"]
[WhiteElo "1874"]
[BlackElo "1963"]
[PlyCount "130"]
[EventDate "2011.06.10"]
[EventType "swiss"]
[EventRounds "7"]
[EventCountry "NED"]
[Source "P.Boonen"]
[SourceDate "2012.01.01"]

1. e4 e6 2. d4 d5 3. Nc3 Bb4 4. Bd3 dxe4 5. Bxe4 Nf6 6. Bf3 c5 7. a3 Ba5 8.
dxc5 Bxc3+ 9. bxc3 Qc7 10. Be3 O-O 11. Ne2 Rd8 12. Qb1 e5 13. Bg5 Nbd7 14. Ng3
h6 15. Be3 Nxc5 16. O-O Rb8 17. Qb4 b6 18. Qh4 Nd5 19. Bxd5 Rxd5 20. Nh5 Rd6
21. f4 Qc6 22. fxe5 Rg6 23. Qf2 Bb7 24. Nf4 Rg5 25. Bxc5 bxc5 26. Rfe1 Re8 27.
Rad1 Rf5 28. Re2 Rfxe5 29. Rxe5 Rxe5 30. Rd8+ Kh7 31. Nd3 Rg5 32. Ne1 Qe6 33.
Rd3 Re5 34. Nf3 Bxf3 35. Qxf3 Rf5 36. Qe3 Re5 37. Qf3 c4 38. Rd4 Re3 39. Qf4
Rxc3 40. Kf1 Qb6 41. Qd2 Qb1+ 42. Qd1 Qxd1+ 43. Rxd1 Rxa3 44. Kf2 g5 45. Ke2
Ra6 46. Rd4 f5 47. Rxc4 Rb6 48. Rc7+ Kg6 49. Rxa7 Rc6 50. Kd2 g4 51. Rd7 Rc5
52. Kd3 Kg5 53. c4 Ra5 54. Re7 Ra3+ 55. Ke2 Ra2+ 56. Kf1 Rc2 57. Rc7 h5 58. c5
f4 59. c6 g3 60. hxg3 fxg3 61. Rc8 Kg6 62. c7 Kg7 63. Ke1 h4 64. Kd1 Rc4 65.
Ke2 Rc3 1/2-1/2

[Event "ENCI Limburg-open B"]
[Site "Maastricht"]
[Date "2011.06.11"]
[Round "2"]
[White "Van Trijp, Robin"]
[Black "Yue, Tim"]
[Result "1-0"]
[WhiteElo "1818"]
[BlackElo "1767"]
[PlyCount "69"]
[EventDate "2011.06.10"]
[EventType "swiss"]
[EventRounds "7"]
[EventCountry "NED"]
[Source "P.Boonen"]
[SourceDate "2012.01.01"]

1. Nf3 c5 2. c3 Nf6 3. d4 cxd4 4. cxd4 d5 5. Bf4 Nc6 6. Nc3 Bf5 7. e3 e6 8. Qb3
Bb4 9. Bb5 Bxc3+ 10. Qxc3 Qb6 11. Bxc6+ bxc6 12. Rc1 O-O 13. O-O Rac8 14. Ne5
Ne4 15. Qa3 Rfd8 16. f3 Nd6 17. Qc5 Qxb2 18. Nxc6 Nb7 19. Ne7+ Kf8 20. Ng6+ Kg8
21. Qxc8 hxg6 22. Qc3 Qb5 23. Rfd1 g5 24. Bxg5 f6 25. Bf4 Qa6 26. Qc6 Qxc6 27.
Rxc6 Ra8 28. Rdc1 Na5 29. Rc8+ Rxc8 30. Rxc8+ Kh7 31. Ra8 Nc4 32. Rxa7 e5 33.
Bg3 Nxe3 34. dxe5 fxe5 35. Bxe5 1-0

[Event "ENCI Limburg-open B"]
[Site "Maastricht"]
[Date "2011.06.11"]
[Round "2"]
[White "Vandecan, Michel"]
[Black "Marinc, Damir"]
[Result "0-1"]
[WhiteElo "1865"]
[BlackElo "2049"]
[PlyCount "90"]
[EventDate "2011.06.10"]
[EventType "swiss"]
[EventRounds "7"]
[EventCountry "NED"]
[Source "P.Boonen"]
[SourceDate "2012.01.01"]

1. Nf3 e6 2. c4 d5 3. g3 b6 4. Bg2 Bb7 5. O-O Nf6 6. d3 Be7 7. a3 c5 8. cxd5
exd5 9. d4 c4 10. Nc3 O-O 11. b3 cxb3 12. Qxb3 Nc6 13. a4 Na5 14. Qa2 Ne4 15.
Nb1 Ba6 16. Ne5 Rc8 17. Bxe4 dxe4 18. Rd1 Bf6 19. Ba3 Bxe5 20. Bxf8 Kxf8 21.
Na3 Bb8 22. Nb5 e3 23. Qa3+ Qe7 24. Qxe7+ Kxe7 25. fxe3 Rc2 26. Kf2 Nb3 27.
Rab1 Nd2 28. Rbc1 Rb2 29. Ke1 Ne4 30. Rb1 Rxb1 31. Rxb1 h5 32. Rc1 Kd7 33. Kd1
g5 34. Kc2 h4 35. gxh4 gxh4 36. Rf1 Ke7 37. h3 Bc8 38. Rh1 Nf2 39. Rf1 Nxh3 40.
Kd3 Ng5 41. e4 h3 42. Ke3 f5 43. exf5 h2 44. f6+ Kf8 45. Nc3 Bh3 0-1

[Event "ENCI Limburg-open B"]
[Site "Maastricht"]
[Date "2011.06.11"]
[Round "2"]
[White "Vaneylen, Stefan"]
[Black "Tuerlinckx, Ben"]
[Result "0-1"]
[WhiteElo "1774"]
[BlackElo "1942"]
[PlyCount "52"]
[EventDate "2011.06.10"]
[EventType "swiss"]
[EventRounds "7"]
[EventCountry "NED"]
[Source "P.Boonen"]
[SourceDate "2012.01.01"]

1. f4 g6 2. Nf3 Bg7 3. e3 c5 4. Be2 Nc6 5. O-O d5 6. d4 Bg4 7. Ne5 Bxe2 8. Qxe2
cxd4 9. Nxc6 bxc6 10. c3 dxc3 11. Nxc3 e6 12. Rb1 Ne7 13. Bd2 O-O 14. b4 Nf5
15. Na4 Nd6 16. Rfc1 Nc4 17. Bc3 Bxc3 18. Rxc3 a5 19. Nc5 axb4 20. Rxb4 Qa5 21.
Nd3 Qxa2 22. Rc2 Qa7 23. Kf2 Qe7 24. g3 Ra3 25. Rb1 Rfa8 26. e4 Qa7+ 0-1

[Event "ENCI Limburg-open B"]
[Site "Maastricht"]
[Date "2011.06.11"]
[Round "2"]
[White "Vaneylen, Urbain"]
[Black "Johnen, Franz"]
[Result "1-0"]
[WhiteElo "1720"]
[BlackElo "1842"]
[PlyCount "68"]
[EventDate "2011.06.10"]
[EventType "swiss"]
[EventRounds "7"]
[EventCountry "NED"]
[Source "P.Boonen"]
[SourceDate "2012.01.01"]

1. f4 f5 2. e4 d6 3. Bc4 Nf6 4. e5 dxe5 5. fxe5 Ng4 6. Nf3 e6 7. d4 Be7 8. O-O
c5 9. h3 O-O 10. c3 cxd4 11. cxd4 Qc7 12. Qe2 Nc6 13. hxg4 fxg4 14. Ng5 Nxd4
15. Rxf8+ Bxf8 16. Qe4 g6 17. Nd2 Qb6 18. Kh1 Bd7 19. Qxg4 Bg7 20. Ndf3 Nf5 21.
b3 Qf2 22. Bf4 b5 23. Bxe6+ Bxe6 24. Nxe6 Ne3 25. Bxe3 Qxe3 26. Nxg7 Kxg7 27.
Qd7+ Kh8 28. Re1 Qh6+ 29. Kg1 Qg7 30. e6 Qf8 31. e7 Qe8 32. Rd1 Kg7 33. Qd8
Rxd8 34. exd8=Q Qe3+ 1-0

[Event "ENCI Limburg-open B"]
[Site "Maastricht"]
[Date "2011.06.11"]
[Round "2"]
[White "Zilverberg, Jasper"]
[Black "Leentjens, Gilbert"]
[Result "0-1"]
[WhiteElo "2028"]
[BlackElo "1848"]
[PlyCount "62"]
[EventDate "2011.06.10"]
[EventType "swiss"]
[EventRounds "7"]
[EventCountry "NED"]
[Source "P.Boonen"]
[SourceDate "2012.01.01"]

1. d4 Nf6 2. c4 g6 3. Nc3 d5 4. Nf3 Bg7 5. Bg5 Ne4 6. cxd5 Nxg5 7. Nxg5 c6 8.
dxc6 Nxc6 9. Nf3 O-O 10. e3 Qa5 11. Bb5 e5 12. Bxc6 exd4 13. Nxd4 bxc6 14. Qa4
Qg5 15. O-O Bd7 16. Rac1 c5 17. Nf3 Qf5 18. Qc2 Rab8 19. Qxf5 Bxf5 20. b3 c4
21. bxc4 Bd3 22. Rfd1 Bxc4 23. h3 Rb2 24. Rd7 a6 25. Ra7 Rfb8 26. Rc7 Bxa2 27.
Nxa2 Rxa2 28. Ng5 Rf8 29. Ra7 h6 30. Ne4 f5 31. Rcc7 Ra1+ 0-1

[Event "ENCI Limburg-open B"]
[Site "Maastricht"]
[Date "2011.06.11"]
[Round "3"]
[White "Alvarez Carbajales, Fermin"]
[Black "Ingelaere, Frederic"]
[Result "1/2-1/2"]
[WhiteElo "1918"]
[BlackElo "1767"]
[PlyCount "52"]
[EventDate "2011.06.10"]
[EventType "swiss"]
[EventRounds "7"]
[EventCountry "NED"]
[Source "P.Boonen"]
[SourceDate "2012.01.01"]

1. e4 c5 2. Nc3 Nc6 3. g3 g6 4. Bg2 Bg7 5. f4 d6 6. Nf3 Bg4 7. h3 Bd7 8. d3 Rb8
9. O-O b5 10. a3 e6 11. Ne2 Nge7 12. g4 f5 13. c3 Qb6 14. Be3 Qc7 15. Ng3 b4
16. d4 cxd4 17. cxd4 bxa3 18. bxa3 fxe4 19. Nxe4 Nd5 20. Bf2 Nxf4 21. Rc1 O-O
22. Qd2 d5 23. Nc5 Rb6 24. Kh2 Nxg2+ 25. Kxg2 Bc8 26. Bg3 Qe7 1/2-1/2

[Event "ENCI Limburg-open B"]
[Site "Maastricht"]
[Date "2011.06.11"]
[Round "3"]
[White "Begri, Felix"]
[Black "Tutenel, Erik"]
[Result "1/2-1/2"]
[WhiteElo "1888"]
[BlackElo "1834"]
[PlyCount "36"]
[EventDate "2011.06.10"]
[EventType "swiss"]
[EventRounds "7"]
[EventCountry "NED"]
[Source "P.Boonen"]
[SourceDate "2012.01.01"]

1. d4 d5 2. c4 dxc4 3. Nf3 Nf6 4. Nc3 Nd5 5. Qa4+ Nc6 6. e4 Nb6 7. Qd1 Bg4 8.
Be3 g6 9. Be2 Bg7 10. d5 Bxf3 11. Bxf3 Ne5 12. Be2 Qd6 13. a3 c6 14. f4 Nd3+
15. Bxd3 cxd3 16. Qxd3 cxd5 17. exd5 O-O 18. Rd1 Rfd8 1/2-1/2

[Event "ENCI Limburg-open B"]
[Site "Maastricht"]
[Date "2011.06.11"]
[Round "3"]
[White "Bergmans, Dirk"]
[Black "Bruls, Peter"]
[Result "1/2-1/2"]
[WhiteElo "1871"]
[BlackElo "1845"]
[PlyCount "29"]
[EventDate "2011.06.10"]
[EventType "swiss"]
[EventRounds "7"]
[EventCountry "NED"]
[Source "P.Boonen"]
[SourceDate "2012.01.01"]

1. d4 Nf6 2. c4 e6 3. Nf3 d5 4. Nc3 Be7 5. Bg5 Nbd7 6. e3 O-O 7. Bd3 dxc4 8.
Bxc4 c5 9. O-O cxd4 10. exd4 a6 11. a3 b5 12. Ba2 Bb7 13. Re1 Rc8 14. Qd3 Nb6
15. Rad1 1/2-1/2

[Event "ENCI Limburg-open B"]
[Site "Maastricht"]
[Date "2011.06.11"]
[Round "3"]
[White "Bieberle, Gerhart"]
[Black "Moog, Gerhard"]
[Result "0-1"]
[WhiteElo "1900"]
[BlackElo "1944"]
[PlyCount "72"]
[EventDate "2011.06.10"]
[EventType "swiss"]
[EventRounds "7"]
[EventCountry "NED"]
[Source "P.Boonen"]
[SourceDate "2012.01.01"]

1. d4 Nf6 2. c4 e6 3. Nc3 d5 4. e3 Be7 5. Nf3 O-O 6. b3 c6 7. Bd3 Nbd7 8. h3
Re8 9. O-O Bd6 10. Qc2 h6 11. e4 dxe4 12. Nxe4 Nxe4 13. Bxe4 Nf6 14. Bd3 Qc7
15. Bb2 Bd7 16. Ne5 c5 17. Nxd7 Nxd7 18. Rad1 cxd4 19. Bxd4 Be5 20. Be3 Rad8
21. f4 Bd6 22. Qc1 Bc5 23. Kh1 Nf6 24. Bb1 Nh5 25. Rfe1 Bxe3 26. Qxe3 Qxf4 27.
Rxd8 Rxd8 28. Qxa7 Qd2 29. Qg1 Ng3+ 30. Kh2 Qf4 31. Qa7 g6 32. Qxb7 Rd2 33. Kg1
Qf2+ 34. Kh2 Qxe1 35. Bxg6 Nf1+ 36. Kg1 Ne3+ 0-1

[Event "ENCI Limburg-open B"]
[Site "Maastricht"]
[Date "2011.06.11"]
[Round "3"]
[White "Bok, Gidius"]
[Black "Coenen, Bert"]
[Result "1/2-1/2"]
[WhiteElo "1710"]
[BlackElo "1856"]
[PlyCount "66"]
[EventDate "2011.06.10"]
[EventType "swiss"]
[EventRounds "7"]
[EventCountry "NED"]
[Source "P.Boonen"]
[SourceDate "2012.01.01"]

1. e4 c5 2. Nf3 e6 3. d4 cxd4 4. Nxd4 a6 5. Nc3 Qc7 6. Be3 Nf6 7. Be2 b5 8. f3
Bb7 9. Qd2 Be7 10. O-O d6 11. a3 Nbd7 12. b4 O-O 13. Rac1 Rac8 14. Nd1 Nb6 15.
h4 Nc4 16. Bxc4 Qxc4 17. c3 Qc7 18. g4 Nd7 19. h5 d5 20. exd5 Bxd5 21. Qg2 Bc4
22. Rf2 Ne5 23. Bf4 Bd6 24. Qg3 Rfd8 25. Nb2 Bd5 26. Ne2 Nc4 27. Nxc4 Bxc4 28.
Bxd6 Qxd6 29. Qxd6 Rxd6 30. Nd4 Rcd8 31. Re1 f6 32. f4 Ra8 33. Rf3 Kf7 1/2-1/2

[Event "ENCI Limburg-open B"]
[Site "Maastricht"]
[Date "2011.06.11"]
[Round "3"]
[White "Bondarchuk, Vadim"]
[Black "Ibrahim, Ashraf"]
[Result "1-0"]
[WhiteElo "1992"]
[BlackElo "1802"]
[PlyCount "115"]
[EventDate "2011.06.10"]
[EventType "swiss"]
[EventRounds "7"]
[EventCountry "NED"]
[Source "P.Boonen"]
[SourceDate "2012.01.01"]

1. e4 d5 2. exd5 Qxd5 3. Nc3 Qa5 4. d4 Nf6 5. Bc4 e6 6. Bd2 c6 7. Qe2 Bb4 8.
Nf3 Nd5 9. Nxd5 Bxd2+ 10. Nxd2 cxd5 11. Bd3 Nd7 12. O-O Nf6 13. Nf3 Qb4 14. c3
Qd6 15. Ne5 Bd7 16. a4 Bc6 17. Rfe1 Nd7 18. f4 Nxe5 19. fxe5 Qe7 20. Qg4 O-O
21. Qh3 h6 22. Re3 f5 23. exf6 Rxf6 24. a5 Qf7 25. Rae1 Bd7 26. Qg3 Rf8 27. Qc7
Bc8 28. Qg3 Bd7 29. h3 Rf2 30. b4 Rf6 31. Qc7 Bc8 32. Qe5 Bd7 33. Rg3 Rc8 34.
Qe2 Kh8 35. Bb1 a6 36. Qc2 Kg8 37. Qd2 Kh8 38. Bd3 Rf8 39. Qe3 Qe8 40. Qe2 Qf7
41. Bb1 Bb5 42. Qc2 g6 43. Rxg6 Rf1+ 44. Rxf1 Qxf1+ 45. Kh2 Qf4+ 46. Rg3 Rf5
47. Qd1 Rg5 48. Qf3 Qd6 49. h4 Rg7 50. Kh3 Be2 51. Qe3 Qxg3+ 52. Qxg3 Rxg3+ 53.
Kxg3 Kg7 54. Kf4 Kf6 55. Bc2 h5 56. Ba4 Bf1 57. g3 Ke7 58. Bd1 1-0

[Event "ENCI Limburg-open B"]
[Site "Maastricht"]
[Date "2011.06.11"]
[Round "3"]
[White "Brixius, Dirk"]
[Black "Klein, Gernot"]
[Result "1/2-1/2"]
[WhiteElo "1944"]
[BlackElo "1899"]
[PlyCount "31"]
[EventDate "2011.06.10"]
[EventType "swiss"]
[EventRounds "7"]
[EventCountry "NED"]
[Source "P.Boonen"]
[SourceDate "2012.01.01"]

1. c4 e6 2. Nc3 d5 3. cxd5 exd5 4. d4 c6 5. Nf3 Bf5 6. Qb3 Qb6 7. Qxb6 axb6 8.
Bd2 h6 9. e3 Nd7 10. Be2 Ngf6 11. O-O Bd6 12. Nh4 Bh7 13. Rfd1 O-O 14. Be1 Ne4
15. a3 Rfe8 16. Rac1 1/2-1/2

[Event "ENCI Limburg-open B"]
[Site "Maastricht"]
[Date "2011.06.11"]
[Round "3"]
[White "Broekmeulen, Joris"]
[Black "Holwijn, Melvin"]
[Result "1/2-1/2"]
[WhiteElo "1882"]
[BlackElo "2009"]
[PlyCount "38"]
[EventDate "2011.06.10"]
[EventType "swiss"]
[EventRounds "7"]
[EventCountry "NED"]
[Source "P.Boonen"]
[SourceDate "2012.01.01"]

1. e4 e5 2. Nf3 Nf6 3. d4 Nxe4 4. Bd3 d5 5. Nxe5 Nd7 6. Nxd7 Bxd7 7. O-O Bd6 8.
Nd2 O-O 9. Bxe4 dxe4 10. Nxe4 Bxh2+ 11. Kxh2 Qh4+ 12. Kg1 Qxe4 13. Re1 Qg6 14.
Bf4 Rfe8 15. Qd2 Bf5 16. c3 c6 17. Rxe8+ Rxe8 18. Re1 Re6 19. Re3 Rxe3 1/2-1/2

[Event "ENCI Limburg-open B"]
[Site "Maastricht"]
[Date "2011.06.11"]
[Round "3"]
[White "Cillen, Jeroen"]
[Black "Loose, Rob"]
[Result "1/2-1/2"]
[WhiteElo "1892"]
[BlackElo "1981"]
[PlyCount "61"]
[EventDate "2011.06.10"]
[EventType "swiss"]
[EventRounds "7"]
[EventCountry "NED"]
[Source "P.Boonen"]
[SourceDate "2012.01.01"]

1. e4 e5 2. Nf3 Nc6 3. d4 exd4 4. Nxd4 Nf6 5. Nxc6 bxc6 6. e5 Qe7 7. Qe2 Nd5 8.
c4 Nb6 9. b3 g6 10. Ba3 c5 11. Nd2 Bg7 12. f4 O-O 13. Nf3 Re8 14. Kf2 d6 15.
Re1 Bg4 16. Qe3 Bxf3 17. Kxf3 Qh4 18. g3 Qh5+ 19. Kg2 Nd7 20. Be2 Qf5 21. Bd3
Qh5 22. Be4 Rad8 23. exd6 cxd6 24. Qd3 Bd4 25. Bc1 Qh6 26. Bc6 Qf8 27. Bd2 Re7
28. f5 Ne5 29. Qe4 Nxc6 30. Qxc6 Qe8 31. Qf3 1/2-1/2

[Event "ENCI Limburg-open B"]
[Site "Maastricht"]
[Date "2011.06.11"]
[Round "3"]
[White "Coenen, Siegfried"]
[Black "Jansen, Michiel"]
[Result "1-0"]
[WhiteElo "1977"]
[BlackElo "1849"]
[PlyCount "87"]
[EventDate "2011.06.10"]
[EventType "swiss"]
[EventRounds "7"]
[EventCountry "NED"]
[Source "P.Boonen"]
[SourceDate "2012.01.01"]

1. e4 d6 2. d4 e5 3. Nf3 exd4 4. Nxd4 g6 5. Be3 Bg7 6. c3 Nf6 7. f3 Qe7 8. Kf2
a6 9. Bd3 O-O 10. Qd2 c5 11. Ne2 Nc6 12. c4 Be6 13. Nbc3 Ne5 14. b3 Nfd7 15.
Rad1 f5 16. Bg5 Bf6 17. Bxf6 Rxf6 18. exf5 Nxd3+ 19. Qxd3 Bxf5 20. Nd5 Bxd3 21.
Nxe7+ Kf7 22. Rxd3 Kxe7 23. Nc3 Nb6 24. Ne4 Re6 25. Rhd1 Nc8 26. Ng5 Re5 27. f4
Rf5 28. Kf3 b5 29. g4 Rf8 30. Re3+ Kd7 31. Ne6 Rf6 32. Nxc5+ Kc6 33. Ne4 Re6
34. cxb5+ axb5 35. Rc3+ Kb7 36. Rdc1 Nb6 37. Rc7+ Kb8 38. f5 gxf5 39. gxf5 Rh6
40. R7c6 Nd5 41. Rxd6 Rh3+ 42. Kg4 Rxh2 43. Rxd5 Raxa2 44. Rxb5+ 1-0

[Event "ENCI Limburg-open B"]
[Site "Maastricht"]
[Date "2011.06.11"]
[Round "3"]
[White "Cromsigt, Jeroen"]
[Black "Broekhuis, Jan"]
[Result "1-0"]
[WhiteElo "1902"]
[BlackElo "1869"]
[PlyCount "87"]
[EventDate "2011.06.10"]
[EventType "swiss"]
[EventRounds "7"]
[EventCountry "NED"]
[Source "P.Boonen"]
[SourceDate "2012.01.01"]

1. e4 e6 2. Nf3 d5 3. Nc3 c5 4. d4 cxd4 5. Qxd4 Nf6 6. exd5 exd5 7. Bg5 Be7 8.
O-O-O Be6 9. Bb5+ Nc6 10. Ne5 Rc8 11. Qa4 Qd6 12. Nxc6 bxc6 13. Ba6 Rd8 14. Bb7
O-O 15. Bxc6 Rc8 16. Bxd5 Nxd5 17. Bxe7 Nxc3 18. Rxd6 Nxa4 19. Bxf8 Kxf8 20.
Ra6 Nc5 21. Ra3 Rc7 22. Rc3 Bxa2 23. Re1 Be6 24. Re5 Na6 25. Rxc7 Nxc7 26. Rc5
Na6 27. Ra5 Bc8 28. c3 Ke8 29. b4 Kd8 30. b5 Nc5 31. Rxa7 Bb7 32. f3 Kc7 33. c4
Nd3+ 34. Kd2 Ne5 35. c5 Kb8 36. Ra4 Bd5 37. Ke3 Be6 38. Kd4 Ng6 39. g3 f6 40.
c6 Ne5 41. Kc5 Nd3+ 42. Kd6 Bc8 43. b6 Ne5 44. Ra7 1-0

[Event "ENCI Limburg-open B"]
[Site "Maastricht"]
[Date "2011.06.11"]
[Round "3"]
[White "Daamen, Roland"]
[Black "Henrotte, Nils"]
[Result "0-1"]
[WhiteElo "1858"]
[BlackElo "1963"]
[PlyCount "84"]
[EventDate "2011.06.10"]
[EventType "swiss"]
[EventRounds "7"]
[EventCountry "NED"]
[Source "P.Boonen"]
[SourceDate "2012.01.01"]

1. e4 e6 2. d4 d5 3. Nc3 Bb4 4. e5 c5 5. a3 Bxc3+ 6. bxc3 Qc7 7. Bd2 Ne7 8. Qg4
Nbc6 9. Nf3 Nf5 10. Bd3 Nce7 11. O-O h6 12. Qh3 c4 13. Bxf5 exf5 14. Qg3 g5 15.
Ne1 f4 16. Qf3 h5 17. Qe2 Bg4 18. Nf3 Rg8 19. a4 Qd7 20. Bc1 Ng6 21. Kh1 Nh4
22. e6 fxe6 23. Ba3 O-O-O 24. Rfe1 Nxf3 25. gxf3 Bf5 26. Rg1 Rg7 27. Qe5 Rdg8
28. a5 g4 29. Bc5 Qc6 30. Bxa7 Qc7 31. Qxc7+ Kxc7 32. Rac1 h4 33. Bb6+ Kc6 34.
Bc5 g3 35. fxg3 hxg3 36. hxg3 Rh8+ 37. Kg2 Rxg3+ 38. Kf1 Rxf3+ 39. Ke2 Rhh3 40.
Rcf1 Rxc3 41. Rxf4 Rh2+ 42. Ke1 Rcxc2 0-1

[Event "ENCI Limburg-open B"]
[Site "Maastricht"]
[Date "2011.06.11"]
[Round "3"]
[White "De Bruin, Joost"]
[Black "Arns, Danny"]
[Result "1/2-1/2"]
[WhiteElo "1778"]
[BlackElo "1706"]
[PlyCount "75"]
[EventDate "2011.06.10"]
[EventType "swiss"]
[EventRounds "7"]
[EventCountry "NED"]
[Source "P.Boonen"]
[SourceDate "2012.01.01"]

1. e4 e6 2. d4 d5 3. e5 c5 4. c3 Nc6 5. Nf3 Qb6 6. Bd3 Bd7 7. O-O cxd4 8. cxd4
Nxd4 9. Nxd4 Qxd4 10. Nc3 a6 11. Qe2 g6 12. Kh1 Qb6 13. f4 Bb4 14. Be3 Bc5 15.
Bxc5 Qxc5 16. Rac1 Qb6 17. f5 gxf5 18. Bxf5 Ne7 19. Bg4 O-O 20. Qf3 Bc6 21. Qg3
Ng6 22. h4 Qd8 23. h5 Qh4+ 24. Qxh4 Nxh4 25. Kh2 d4 26. Ne2 Bb5 27. Rfd1 Bxe2
28. Bxe2 Rac8 29. g4 d3 30. Rxc8 Rxc8 31. Rxd3 Rc2 32. Kg3 Rxe2 33. Kxh4 Rxe5
34. h6 Rd5 35. Rc3 Rd8 36. Kg5 f5 37. gxf5 exf5 38. Kxf5 1/2-1/2

[Event "ENCI Limburg-open B"]
[Site "Maastricht"]
[Date "2011.06.11"]
[Round "3"]
[White "De Niet, Shotaro"]
[Black "Senders, Justin"]
[Result "1/2-1/2"]
[WhiteElo "1792"]
[BlackElo "1868"]
[PlyCount "45"]
[EventDate "2011.06.10"]
[EventType "swiss"]
[EventRounds "7"]
[EventCountry "NED"]
[Source "P.Boonen"]
[SourceDate "2012.01.01"]

1. e4 e6 2. Qe2 c5 3. Nf3 Nc6 4. g3 b6 5. Bg2 Bb7 6. c3 Qc7 7. O-O a5 8. Re1
Ba6 9. d3 g6 10. Bf4 e5 11. Be3 Bg7 12. c4 Nd4 13. Qd2 Nf6 14. Nc3 O-O 15. Bg5
d6 16. Bxf6 Bxf6 17. Nd5 Qd8 18. Nxd4 cxd4 19. Nxf6+ Qxf6 20. a4 Qe7 21. Rf1
Bb7 22. f4 f5 23. Rae1 1/2-1/2